000 01207nam a22003257a 4500
003 CHAP
005 20260223121543.0
008 971013s1976 r 00010 d
010 _a38643
011 _a39615
035 _a43736
040 _cCHAP
090 _aFolleto 9815
100 1 0 _aMoctezuma López, Georgel
_976402
245 _aAspectos tecno-económicos, políticos y sociales de la industrialización de campo
260 _aChapingo, Méx. :
_bUACH. Departamento de Industrias Agrícolas,
_c(1976?)
300 _app. 9-17
500 _aPonencia presentada en: Simposio sobre Problemas y PePerspectivas dela Biotecnología en México: Alimentos Básicos Nacionales (1976: México)
501 _aEnc. con otros impresos similares
590 _aBATCH-UPD
_b10
_c20130110
_lUCH01
_h1122
590 _aBATCH-UPD
_b10
_c20130410
_lUCH01
_h0712
590 _aBATCH-UPD
_b10
_c20130914
_lUCH01
_h0052
590 _aCONVERSION
_b10
_c20130109
_lUCH01
_h1321
650 1 4 _aAgricultura
_xIndustrialización.
_91560
650 1 4 _aIndustrias agrícolas.
_957925
700 1 _aAlvarado y Sosa, Lorenzo
_94841
901 _aBK
942 _cFOLL
949 _aFolleto 9815
_bBC
_cFOLL
_d-100027
_eTS1
_i43736
_si
999 _c38643
_d38643